Gazetteer of the province of Sindh, Thar and Parkar district / (Record no. 331218)
[ view plain ]
| 000 -LEADER | |
|---|---|
| fixed length control field | 00981cam a22003014a 4500 |
| 001 - CONTROL NUMBER | |
| control field | 13705544 |
| 003 - CONTROL NUMBER IDENTIFIER | |
| control field | NUST |
| 005 - DATE AND TIME OF LATEST TRANSACTION | |
| control field | 20170922103959.0 |
| 008 - FIXED-LENGTH DATA ELEMENTS--GENERAL INFORMATION | |
| fixed length control field | 030731r20031919pk 000 0 eng |
| 010 ## - LIBRARY OF CONGRESS CONTROL NUMBER | |
| LC control number | 2003341450 |
| 020 ## - INTERNATIONAL STANDARD BOOK NUMBER | |
| International Standard Book Number | 9695290094 |
| 025 ## - OVERSEAS ACQUISITION NUMBER | |
| Overseas acquisition number | P-E-2003341450; 07 |
| 035 ## - SYSTEM CONTROL NUMBER | |
| System control number | (DLC) 2003341450 |
| 040 ## - CATALOGING SOURCE | |
| Original cataloging agency | DLC |
| Transcribing agency | DLC |
| 042 ## - AUTHENTICATION CODE | |
| Authentication code | lcode |
| 050 00 - LIBRARY OF CONGRESS CALL NUMBER | |
| Classification number | DS392.T48 |
| Item number | G39 2003 |
| 082 ## - DEWEY DECIMAL CLASSIFICATION NUMBER | |
| Classification number | 954.918 |
| Author Mark | GAZ |
| 245 00 - TITLE STATEMENT | |
| Title | Gazetteer of the province of Sindh, Thar and Parkar district / |
| Statement of responsibility, etc. | compiled by, J. W. Smyth. |
| 260 ## - PUBLICATION, DISTRIBUTION, ETC. | |
| Place of publication, distribution, etc. | Karachi : |
| Name of publisher, distributor, etc. | Indus Publications, |
| Date of publication, distribution, etc. | 2003. |
| 300 ## - PHYSICAL DESCRIPTION | |
| Extent | ii, 96 p. ; |
| Dimensions | 23 cm. |
| 300 ## - PHYSICAL DESCRIPTION | |
| Extent | ii, 96 p. ; |
| Dimensions | 23 cm. |
| 500 ## - GENERAL NOTE | |
| General note | First published: 1919. |
| 651 #0 - SUBJECT ADDED ENTRY--GEOGRAPHIC NAME | |
| Geographic name | Thar Pārkar District (Pakistan) |
| 9 (RLIN) | 4810 |
| 700 1# - ADDED ENTRY--PERSONAL NAME | |
| Personal name | Smyth, J. W. |
| 9 (RLIN) | 1303 |
| 700 1# - ADDED ENTRY--PERSONAL NAME | |
| Personal name | Smyth, J. W. |
| 9 (RLIN) | 1303 |
| 906 ## - LOCAL DATA ELEMENT F, LDF (RLIN) | |
| a | 7 |
| b | cbc |
| c | origode |
| d | 3 |
| e | ncip |
| f | 20 |
| g | y-gencatlg |
| 942 ## - ADDED ENTRY ELEMENTS (KOHA) | |
| Source of classification or shelving scheme | |
| Koha item type | Book |
| Withdrawn status | Lost status | Source of classification or shelving scheme | Damaged status | Not for loan | Collection code | Permanent Location | Current Location | Shelving location | Date acquired | Total Checkouts | Full call number | Barcode | Date last seen | Copy number | Price effective from | Koha item type |
|---|---|---|---|---|---|---|---|---|---|---|---|---|---|---|---|---|
| Central Library (CL) | Central Library (CL) | Book Cart | 09/22/2017 | 954.918 GAZ | CL2761 | 09/22/2017 | 1 | 09/22/2017 | Book |
